000 00278nam a22001337a 4500
020 _a978-1855736764
041 _aENG
100 _aSmit.G
245 _aDairy Processing
260 _aNew York
_bWoodhead Pub Li
_c2003
300 _a546
650 _aAPE
856 _uAPE ( 03 )
999 _c1726
_d1726